LEADER 00986nam0-22003011i-450- 001 990004610940403321 005 20160907104547.0 035 $a000461094 035 $aFED01000461094 035 $a(Aleph)000461094FED01 035 $a000461094 100 $a19990604d1993----km-y0itay50------ba 101 0 $aeng 105 $ay-------001yy 200 1 $a<>CAMBRIDGE social history of Britain 1750-1950$fedited by F. M. L. Thompson 210 $aCambridge$cCambridge University press$d1993. 215 $a3 v.$d23 cm 300 $aIn custodia 327 1 $a1.: Regions and communities$a2.: People and their environment$a3.: Social agencies and institutions 676 $a306.0941$v21$zita 702 1$aThompson,$bFrancis Micahel L. 801 0$aIT$bUNINA$gRICA$2UNIMARC 901 $aBK 912 $a990004610940403321 952 $a306.09 THO 1 (1-3)$bBibl. 16623$fFLFBC 959 $aFLFBC 996 $aCAMBRIDGE social history of Britain 1750-1950$9551625 997 $aUNINA LEADER 02899oam 2200709 450 001 9910709898703321 005 20180719101040.0 035 $a(CKB)5470000002473265 035 $a(OCoLC)896811326 035 $a(OCoLC)995470000002473265 035 $a(EXLCZ)995470000002473265 100 $a20141123d1993 ua 0 101 0 $aeng 135 $aurbn||||||||| 181 $ctxt$2rdacontent 182 $cc$2rdamedia 183 $acr$2rdacarrier 200 00$aApplications of research from the U.S. Geological Survey program, assessment of regional earthquake hazards and risk along the Wasatch Front, Utah /$fedited by Paula L. Gori 210 1$aWashington :$cU.S. Department of the Interior, U.S. Geological Survey,$d1993. 215 $a1 online resource (viii, 167 pages) $cillustrations, maps 225 1 $aU.S. Geological Survey professional paper ;$v1519 300 $a"Contributions from Utah Geological Survey, Utah Division of Comprehensive Emergency Management, University of Utah, and Utah State University." 300 $a"This report documents how pertinent information about earthquake hazards along the Wasatch Front, Utah, was transferred to researchers, public officials, design professionals, land-use planners, and emergency managers as part of the U.S. Geological Survey's effort to mitigate the effects of earthquake hazards." 320 $aIncludes bibliographical references. 606 $aEarthquake hazard analysis$zWasatch Range (Utah and Idaho) 606 $aSeismology$zWasatch Range (Utah and Idaho) 606 $aNatural disasters$zUtah 606 $aFaults (Geology)$zWasatch Range (Utah and Idaho) 606 $aGeology, Stratigraphic 606 $aGeology$zWasatch Range (Utah and Idaho) 606 $aEarthquake hazard analysis$2fast 606 $aFaults (Geology)$2fast 606 $aGeology$2fast 606 $aGeology, Stratigraphic$2fast 606 $aNatural disasters$2fast 606 $aSeismology$2fast 607 $aUnited States$zWasatch Range$2fast 607 $aUtah$2fast 615 0$aEarthquake hazard analysis 615 0$aSeismology 615 0$aNatural disasters 615 0$aFaults (Geology) 615 0$aGeology, Stratigraphic. 615 0$aGeology 615 7$aEarthquake hazard analysis. 615 7$aFaults (Geology) 615 7$aGeology. 615 7$aGeology, Stratigraphic. 615 7$aNatural disasters. 615 7$aSeismology. 702 $aGori$b Paula 712 02$aGeological Survey (U.S.), 801 0$bCOP 801 1$bCOP 801 2$bOCLCO 801 2$bOCLCF 801 2$bOCLCA 801 2$bGPO 906 $aBOOK 912 $a9910709898703321 996 $aApplications of research from the U.S. Geological Survey program, assessment of regional earthquake hazards and risk along the Wasatch Front, Utah$93305219 997 $aUNINA